Qui a fait quoi ? Clic - Thèmes autour de la Religion - Statistiques

Statistiques générales
  • Ce quiz a été pris 40 fois
  • Le résultat moyen est 8 sur 20
Statistiques - réponses
Hint Réponse % Correct
Qui a été un chef spirituel au VIe siècle av. J.-C. ou au Ve siècle av. J.-C., fondateur historique d'une communauté de moines errants, qui donna naissance au bouddhisme ? Siddhārtha Gautama
79%
Qui est l'auteur de la citation : “La science sans religion est boiteuse, la religion sans science est aveugle.” ? Albert Einstein
71%
Qui est à ce jour le dernier pape français, 201e pape du 30 décembre 1370 à sa mort sous le nom de Grégoire XI ? Pierre Roger de Beaufort
59%
Qui aurait fait la prophétie des bombes atomiques sur le Japon : « Près des portes et dans deux villes, il y aura des fléaux dont on n’a jamais vu de semblables ». ? Nostradamus
56%
Quel est le nom de naissance de Sœur Emmanuelle, surnommée « petite sœur des pauvres » ? Madeleine Cinquin
53%
Qui a été le leader de la secte des Davidiens, figurant parmi les 82 morts lors du siège de Waco en 1993 ? David Koresh
50%
Qui est le fondateur du Mormonisme (mouvement des saints des derniers jours du christianisme restaurationniste) ? Joseph Smith
50%
Qui a réalisé le film "Da Vinci Code" en 2006, dont Tom Hanks et Audrey Tautou partagent l'affiche ? Ron Howard
50%
Qui était l'un des trois petits bergers de Fatima, affirmant avoir vu à six reprises la Vierge Marie en 1917 ? Lucia dos Santos
47%
Qui a peint les œuvres suivantes "L'Érection de la croix", "La Descente de Croix", "La Circoncision de Jésus" ? Pierre Paul Rubens
47%
Qui est le fondateur et gourou du mouvement raëlien (dit Raël), objet de nombreuses controverses et classé en France comme secte ? Claude Vorilhon
35%
Qui a repris avec succès le tube de gospel " Oh Happy Day " en 1967 ? Dorothy Combs Morrison
35%
Qui est surnommé "le curé des loubards", notamment en raison du blouson en cuir bardé de badges qu'il arbore ? Guy Gilbert
35%
Qui est spécialiste en eschatologie (étude de la fin des Temps) et auteur du livre "Jérusalem dans le Coran" ? Imran Hosein
35%
Qui a peint " Le jardin des délices ", structurée en triptyque (avec notamment le Paradis et l'Enfer) ? Jérôme Bosch
35%
Qui a fait une prévision erronée sur la victoire supposée de l’Équipe de France à l'Euro 2008, « éblouie » par le « ciel de Raymond Domenech » ? Élizabeth Teissier
29%
Qui est l'auteur de la citation : “Juif, c'est pas une religion ! Aucune religion ne fait pousser un nez comme ça !” ? Serge Gainsbourg
24%
Qui est l'auteur de la citation : “La religion juive, mère du christianisme, grand-mère du mahométisme, battue par son fils et par son petit-fils.” ? Voltaire
24%
Qui est l'auteur de la citation : “Religion et spiritualité sont deux choses très différentes, mais les gens les confondent souvent. ” ? Mohammed Ali
12%
Qui est l'auteur de la citation : “La supériorité de Mahomet est d'avoir fondé une religion en se passant de l'enfer.” ? Napoléon Bonaparte
9%
Aucun quiz correspondant
Distribution des résultats
% des personnes avec chaque résultat
Percentile par nombre de réponses
Votre historique - résultats
Vous n’avez pas pris ce quiz